Pojistný technik ve Velké Británii. 3

Popis ďalších činností, ktorým sa venujú aktuári (poistní technici) vo V. Británii. Práca akturárov v dôchodkovej sfére. Štátne dôchodkové dávky. Podnikové dôchodkové programy. Osobné dôchodky, financovanie dôchodkov. Úloha aktuára pri stanovení dôchodkov. Činnosti aktuárov a poistných matematikov n...

Descripción completa

Guardado en:
Detalles Bibliográficos
Autor principal: Watson, B.
Formato: Capítulo de libro
Lenguaje:checo
Materias:
Etiquetas: Agregar Etiqueta
Sin Etiquetas, Sea el primero en etiquetar este registro!

MARC

LEADER 00000naa a2200000 4500
001 r018016
005 20221213082927.0
041 0 |a cze 
044 |a CZ 
245 1 0 |a Pojistný technik ve Velké Británii. 3  |c B. Watson 
520 |a Popis ďalších činností, ktorým sa venujú aktuári (poistní technici) vo V. Británii. Práca akturárov v dôchodkovej sfére. Štátne dôchodkové dávky. Podnikové dôchodkové programy. Osobné dôchodky, financovanie dôchodkov. Úloha aktuára pri stanovení dôchodkov. Činnosti aktuárov a poistných matematikov na finančnom trhu v oblasti investovania. Práca poistných matematikov v neživotnom poistení. Titul štátneho aktuára. Poradenská činnosť. Špecializované zaisťovne na trhu životného poistenia. 
610 2 0 |a aktuári 
610 2 0 |a Veľká Británia 
610 2 0 |a matematika poistná 
610 2 0 |a poisťovníctvo 
610 2 0 |a poradenstvo 
610 2 0 |a zaisťovne 
100 1 |a Watson, B.